000 00362nam a22001451a 4500
082 _aM300 7
_bGNP/E
100 _aG N Panicker
245 _aEzhu novelukal/
_cby G N Panicker
260 _aThiruvananthapuram:
_bPrabhath,
_c2004.
300 _a196p.
650 _aNovel Malayalam Study
650 _aLiterature Malayalam
650 _aLiterature
942 _cBK
999 _c14275
_d14275